000 00779nam a2200217Ii 4500
003 JO-AjNU
008 230605s9999||||xx |||||||||||||| ||und||
017 _a1999/10/1311
020 _a2-84409-185-7
040 _aJO-AjNU
_bara
_erda
_cJO-AjNU
041 _aara
050 1 4 _aQA76.76.M52.F7352 2001
100 3 _a اعداد Perspection Inc؛ ترجمة مركز التعريب والبرمجة ,
_eauthor
_928872
245 0 0 _aخطوة خطوة Microsoft Power Point 2002: برنامج من مجموعة microsoft office XP
264 3 1 _aبيروت:الدار العربية للعلوم ،2001
300 _a372ص
336 _atext
_btxt
_2rdacontent
337 _aunmediated
_bn
_2rdamedia
338 _avolume
_bnc
_2rdacarrier
650 4 _aالانترنت
_928873
999 _aA11253
_c14821
_d14821